Možnosti rovnovážneho rozvoja vidieka Slovenska vo vzťahu cestovný ruch vs. poľnohospodárstvo diplomová práca

Guardado en:
Detalles Bibliográficos
Autor principal: Kovačicová, Zuzana
Autor Corporativo: Obchodná fakulta EU. Katedra služieb a cestovného ruchu - zrušené
Otros Autores: Pachingerová, Mária
Formato: Libro
Lenguaje:eslovaco
Publicado: Bratislava 2015
Etiquetas: Agregar Etiqueta
Sin Etiquetas, Sea el primero en etiquetar este registro!

MARC

LEADER 00000nbm a2200000 4500
001 0201522
005 20161212104621.6
041 0 |a slo 
044 |a SK 
245 1 0 |a Možnosti rovnovážneho rozvoja vidieka Slovenska vo vzťahu cestovný ruch vs. poľnohospodárstvo  |b diplomová práca  |c Zuzana Kovačicová ; školiteľ: Mária Pachingerová 
264 1 |a Bratislava  |c 2015 
300 |a 80 s. 
100 1 |a Kovačicová, Zuzana 
700 1 |a Pachingerová, Mária 
710 2 |a Obchodná fakulta EU. Katedra služieb a cestovného ruchu - zrušené